Central Library || Chittagong University

বাংলাদেশে তুলনামূলক ধর্মতত্ত্ব চর্চার স্বরুপ ও বিকাশধারা। (Record no. 927)

MARC details
000 -LEADER
fixed length control field 00953nam a2200229 a 4500
001 - CONTROL NUMBER
control field 000927
003 - CONTROL NUMBER IDENTIFIER
control field BD-ChCU
005 - DATE AND TIME OF LATEST TRANSACTION
control field 20251126122624.0
008 - FIXED-LENGTH DATA ELEMENTS--GENERAL INFORMATION
fixed length control field 2014 bg 002 ben
020 ## - INTERNATIONAL STANDARD BOOK NUMBER
International Standard Book Number 9789849106012
040 ## - CATALOGING SOURCE
Original cataloging agency DLC
Transcribing agency DLC
Modifying agency BD-ChCU
082 00 - DEWEY DECIMAL CLASSIFICATION NUMBER
Classification number ২০০/আন১১বা
100 1# - MAIN ENTRY--PERSONAL NAME
Personal name আনওয়ারী, মুহাম্মদ আবদুর রহমান ।
245 10 - TITLE STATEMENT
Title বাংলাদেশে তুলনামূলক ধর্মতত্ত্ব চর্চার স্বরুপ ও বিকাশধারা।
246 10 - VARYING FORM OF TITLE
Title proper/short title Bangladesh Tulanamulok Darmo.
260 ## - PUBLICATION, DISTRIBUTION, ETC.
Place of publication, distribution, etc. ঢাকা, বাংলাদেশ।
Name of publisher, distributor, etc. ।বিশ্ববিদ্যালয় মঞ্জুরী কমিশন।
Date of publication, distribution, etc. ২০১৪।
300 ## - PHYSICAL DESCRIPTION
Extent 400।
504 ## - BIBLIOGRAPHY, ETC. NOTE
Bibliography, etc. note index. Biblio: 395-400.
650 #0 - SUBJECT ADDED ENTRY--TOPICAL TERM
Topical term or geographic name entry element তুলনামূলক ধর্ম।ধর্ম।
650 ## - SUBJECT ADDED ENTRY--TOPICAL TERM
Topical term or geographic name entry element Tulanamulok Darmo.
942 ## - ADDED ENTRY ELEMENTS (KOHA)
Source of classification or shelving scheme Dewey Decimal Classification
Koha item type Books
Holdings
Withdrawn status Lost status Source of classification or shelving scheme Damaged status Not for loan Home library Current library Shelving location Date acquired Total Checkouts Full call number Barcode Date last seen Copy number Price effective from Koha item type Source of acquisition
    Dewey Decimal Classification     Chittagong University Library Chittagong University Library General Stacks 01/18/2015   ২০০/আন১১বা B২৮৪৭৬৩ 01/18/2015 1 01/18/2015 Books  
    Dewey Decimal Classification     Chittagong University Library Chittagong University Library General Stacks 01/18/2015   ২০০/আন১১বা B২৮৪৭৬৪ 01/18/2015 2 01/18/2015 Books  
    Dewey Decimal Classification     Chittagong University Library Chittagong University Library Arts and Humanities Reading Room 11/26/2025   ২০০/আন১১বা 334564 11/26/2025 ক-৩ 11/26/2025 Books purchase
© Copyright 2026. Chittagong University Library, Installation and Maintenance by Prof. Dr. Md. Alamgir, 01711306253